| 000 | 00866nam a22002898i 4500 | ||
|---|---|---|---|
| 001 | 020845057 | ||
| 003 | EG-ScBUE | ||
| 005 | 20230206064903.0 | ||
| 008 | 221213s2022 enk f 000 f eng d | ||
| 020 | _a9781398518179 | ||
| 040 |
_aStDuBDS _beng _erda _cStDuBDS _dEG-ScBUE |
||
| 082 | 0 | 4 |
_a813.6 _222 _bHOO |
| 100 | 1 |
_aHoover, Colleen, _eauthor. |
|
| 245 | 1 | 0 |
_aIt starts with us / _cColleen Hoover. |
| 264 | 1 |
_aLondon : _bSimon & Schuster, _c2022. |
|
| 300 |
_a323 pages ; _c24 cm |
||
| 336 |
_atext _2rdacontent _btxt |
||
| 337 |
_acomputer _2rdamedia _bn |
||
| 338 |
_aonline resource _2rdacarrier _bnc |
||
| 650 | 7 |
_aDivorced mothers _vFiction. _2BUEsh |
|
| 650 | 7 |
_aFirst loves _vFiction. _2BUEsh |
|
| 653 |
_bHHUUEENN _cJanuary2023 |
||
| 655 | 0 | _vReading book | |
| 776 | 0 | 8 |
_iPrint version : _z9781398518162 |
| 942 |
_2ddc _cBB |
||
| 999 |
_c30087 _d30058 |
||